000 01313nam a22002297a 4500
999 _c57317
_d57317
003 Ge_BSU
005 20200520133509.0
008 200520s2020ge xxu||||| |||| 00| 0 geo d
020 _a978994182099
041 _ageo
080 _a341.9+347.4 მ-58
100 _aმესხიშვილი, ქეთევან.
_98110
245 _aკერძო სამართლის აქტუალური საკითხები :
_bთეორია და სასამართლო პრაქტიკა ტ.1 /
_cქეთევან მესხიშვილი ; რედ. თამარ ჭალიძე.
264 _aთბილისი,
_c2020.
300 _a286 გვ.:
_c24 სმ.
653 _aკერძო სამართლის აქტუალური საკითხები
653 _aსამართალი
700 _aჭალიძე, თამარ
_eრედაქტორი
_98111
710 _4გერმანიის საერთაშორისო თანამშრომლობის საზოგადოება (GIZ)
856 _uhttp://lawlibrary.info/ge/books/2020giz-ge-kerdzo-samartlis-aktualuri-sakitxebi.pdf
_yელექტრონული ვერსია
942 _2udc
_cBK